00456 2200181 4500245005700000020001800057250001100075100001800086700001700104700001800121650001700139005001900156260003100175041001400206084001300220300003200233336000900265 aPsychic Detective Yakumo Vol. 2cMiyako, RitsuhText a9789792338355 aCet. 2 aMiyako, Ritsu aYoke Yuliana aAswini Rosita aKomik Jepang a20230609111204 aJakartabPT Gramediac2010 aIndonesia a741.5592 a... jil. :bilus. ;c17 cm. atext